National housing and town planning (Record no. 27438)

MARC details
000 -LEADER
fixed length control field 01060cab a2200205 4500
001 - CONTROL NUMBER
control field ABS43672
008 - FIXED-LENGTH DATA ELEMENTS--GENERAL INFORMATION
fixed length control field 090401t1990 xxu||||| |||| 00| 0 eng d
035 ## - SYSTEM CONTROL NUMBER
System control number (Sirsi) u42899
041 ## - LANGUAGE CODE
Language code of text/sound track or separate title eng
245 ## - TITLE STATEMENT
Title National housing and town planning
260 ## - PUBLICATION, DISTRIBUTION, ETC.
Date of publication, distribution, etc. 1990
350 ## - PRICE (NR) (BK AM CF MU VM SE) [OBSOLETE]
Price 0
490 ## - SERIES STATEMENT
Series statement Municipal Journal
Volume/sequential designation (43) 26 October 1990, 23-61(18)
520 ## - SUMMARY, ETC.
Summary, etc. Survey of local authority housing and its effects on town planning prior to the National Housing and Town Planning Council annual conference in Brighton. Includes an examination of the future of council housing in the light of right to buy ; reviews planning problems of satellite dishes ; description of how the Dutch have coped with the EC Directive on environmental impact assessment ; review of Conservative rent to mortgage scheme ; discussion of the Local Government and Housing Act 1989 ; plans for urban renewal and review of Government proposals for energy efficiency .
650 ## - SUBJECT ADDED ENTRY--TOPICAL TERM
Topical term or geographic name entry element HOME OWNERSHIP
650 ## - SUBJECT ADDED ENTRY--TOPICAL TERM
Topical term or geographic name entry element NETHERLANDS
690 ## - LOCAL SUBJECT ADDED ENTRY--TOPICAL TERM (OCLC, RLIN)
Topical term or geographic name as entry element HOUSING
942 ## - ADDED ENTRY ELEMENTS (KOHA)
Suppress in OPAC 0
948 ## - LOCAL PROCESSING INFORMATION (OCLC); SERIES PART DESIGNATOR (RLIN)
c (OCLC) 04/03/1997
Holdings
Withdrawn status Lost status Source of classification or shelving scheme Damaged status Not for loan Home library Current library Shelving location Date acquired Total Checkouts Full call number Barcode Date last seen Copy number Price effective from Koha item type
    Dewey Decimal Classification     London London Journal article 14/09/1999   ABS43672 42899-1001 06/08/2019 1 06/08/2019 Journal article